Color Scramble - Statistics

General Stats
  • This quiz has been taken 64 times
  • The average score is 12 of 15
Answer Stats
Scramble Word % Correct
eubl blue
100%
elyowl yellow
100%
knpi pink
98%
ronwb brown
96%
enger green
96%
meli lime
94%
slvire silver
91%
ecpah peach
85%
sero rose
81%
mlosna salmon
74%
ugnybrad burgandy
53%
gdiion indigo
53%
rlace clear
49%
dgleno golden
49%
emengat magenta
43%
No matching quizzes found
Score Distribution
Percent of People with Each Score
Percentile by Number Answered
Your Score History
You have not taken this quiz